00000000nam 2200000zi 4500
0019.942657
003CaOODSP
00520250704124508
006m     o  d f      
007cr mn|||||||||
008240830t20242024bcca    of   f000 0 eng d
020 |a9780660734040
040 |aCaOODSP|beng|erda|cCaOODSP
0861 |aFo143-2/462E-PDF
1001 |aMagnan, Michael, |eauthor.
24510|aANSE handbook / |cMichael Magnan [and 8 others].
24613|aAbstract Network Simulation Engine handbook
250 |aFirst edition for ANSE 1.0.
264 1|a[Victoria, B.C.] : |bNatural Resources Canada = Ressources naturelles Canada, |c2024.
264 4|c©2024
300 |a1 online resource (vi, 28 pages) : |billustrations (chiefly colour).
336 |atext|btxt|2rdacontent
337 |acomputer|bc|2rdamedia
338 |aonline resource|bcr|2rdacarrier
4901 |aNatural Resources Canada, Canadian Forest Service, Pacific Forestry Centre information report ; |vBC-X-462
520 |a"The Abstract Network Simulation Engine (ANSE) Handbook is an information document that provides guidance in navigating and understanding modeling design principles under the ANSE framework. This handbook is designed for ANSE users to consult for specific details or assistance, however the readers can choose to peruse the entire document at their discretion. This handbook will be updated as necessary. It is advisable to always consider an ongoing revision in process, as the development team constantly enhances the software engine. … ANSE provides users with an infrastructure for dynamically constructing, validating, running, and analyzing simulations of the flow and transformation of forest carbon mass through the harvested wood products sector over time and space. ANSE users can define mass-balance models and then run simulations that account for carbon dynamics of harvested wood products. The software provides both the necessary components for constructing models and the rules for specifying how these components are defined and interact. …"--Page v.
650 0|aWood products|xCarbon content|xData processing|vHandbooks, manuals, etc.
650 0|aCarbon sequestration|xData processing|vHandbooks, manuals, etc.
650 0|aWood products|xCarbon content|xSoftware|vHandbooks, manuals, etc.
650 0|aCarbon sequestration|xSoftware|vHandbooks, manuals, etc.
650 6|aProduits du bois|xTeneur en carbone|xInformatique|vGuides, manuels, etc.
650 6|aPiégeage du carbone|xInformatique|vGuides, manuels, etc.
650 6|aProduits du bois|xTeneur en carbone|xLogiciels|vGuides, manuels, etc.
650 6|aPiégeage du carbone|xLogiciels|vGuides, manuels, etc.
655 7|aHandbooks and manuals|2lcgft
655 7|aGuides et manuels|2rvmgf
7102 |aPacific Forestry Centre, |eissuing body.
830#0|aInformation report (Pacific Forestry Centre)|vBC-X-462.|w(CaOODSP)9.504853
85640|qPDF|s5.04 MB|uhttps://publications.gc.ca/collections/collection_2025/rncan-nrcan/Fo143-2-462-eng.pdf